The gifts of imperfection (Record no. 5308)

MARC details
000 -CABECERA
campo de control de longitud fija 03331nam a2200325 i 4500
001 - NÚMERO DE CONTROL
campo de control 990220772750107026
003 - IDENTIFICADOR DEL NÚMERO DE CONTROL
campo de control UkOxU
005 - FECHA Y HORA DE LA ÚLTIMA TRANSACCIÓN
campo de control 20260128111201.0
008 - DATOS DE LONGITUD FIJA--INFORMACIÓN GENERAL
campo de control de longitud fija 201119s2020 enk b 000 0 eng c
015 ## - NÚMERO DE BIBLIOGRAFÍA NACIONAL
Número de bibliografía nacional GBC0I7053
Fuente bnb
020 ## - NÚMERO INTERNACIONAL ESTÁNDAR DEL LIBRO
Número Internacional Estándar del Libro 9781785043543
035 ## - NÚMERO DE CONTROL DEL SISTEMA
Número de control de sistema (UkOxU)022077275
035 ## - NÚMERO DE CONTROL DEL SISTEMA
Número de control de sistema (UkOxU)022077275BIB01
035 ## - NÚMERO DE CONTROL DEL SISTEMA
Número de control de sistema (StEdNL)99115984425604341
035 ## - NÚMERO DE CONTROL DEL SISTEMA
Número de control de sistema (Uk)019975729
040 ## - FUENTE DE LA CATALOGACIÓN
Centro catalogador/agencia de origen UK-WkNB
Lengua de catalogación eng
Normas de descripción rda
Centro/agencia transcriptor UK-WkNB
Centro/agencia modificador StEdNL
041 ## - CÓDIGO DE LENGUA
Código de lengua del texto/banda sonora o título independiente EN
042 ## - CÓDIGO DE AUTENTICACIÓN
Código de autenticación ukscp
100 ## - ENTRADA PRINCIPAL--NOMBRE DE PERSONA
Nombre de persona Brown, Brené
Término indicativo de función/relación author.
9 (RLIN) 25972
245 14 - MENCIÓN DE TÍTULO
Título The gifts of imperfection
Mención de responsabilidad, etc. / Brené Brown
250 ## - MENCIÓN DE EDICIÓN
Mención de edición 10th anniversary edition.
264 #1 - PRODUCCIÓN, PUBLICACIÓN, DISTRIBUCIÓN, FABRICACIÓN Y COPYRIGHT
Producción, publicación, distribución, fabricación y copyright London :
Nombre del de productor, editor, distribuidor, fabricante Vermilion,
Fecha de producción, publicación, distribución, fabricación o copyright 2020.
300 ## - DESCRIPCIÓN FÍSICA
Extensión xxix, 176 pages ;
Dimensiones 23 cm
504 ## - NOTA DE BIBLIOGRAFÍA, ETC.
Nota de bibliografía, etc. Includes bibliographical references (pages 171-176).
505 ## - NOTA DE CONTENIDO CON FORMATO
Nota de contenido con formato Introduction: Wholehearted Living —<br/><br/>Cultivating Authenticity — Letting Go of What People Think —<br/><br/>Cultivating Self-Compassion — Letting Go of Perfectionism —<br/><br/>Cultivating a Resilient Spirit — Letting Go of Numbing and Powerlessness —<br/><br/>Cultivating Gratitude and Joy — Letting Go of Scarcity and Fear of the Dark —<br/><br/>Cultivating Intuition and Trusting Faith — Letting Go of the Need for Certainty —<br/><br/>Cultivating Creativity — Letting Go of Comparison —<br/><br/>Cultivating Play and Rest — Letting Go of Exhaustion as a Status Symbol and Productivity as Self-Worth —<br/><br/>Cultivating Calm and Stillness — Letting Go of Anxiety as a Lifestyle —<br/><br/>Cultivating Meaningful Work — Letting Go of Self-Doubt and “Supposed To” —<br/><br/>Cultivating Laughter, Song, and Dance — Letting Go of Being Cool and “Always in Control” —<br/><br/>Conclusion: Living a Wholehearted Life.
520 ## - SUMARIO, ETC.
Sumario, etc. This book is an invitation to take part in a wholehearted revolution. A small, quiet, grassroots movement that begins when each of us chooses to say, “My story matters, because I matter.” The word revolution may sound dramatic, but in a world like ours, choosing authenticity and a sense of worth is a genuine act of resistance.<br/><br/>For more than a decade, Brené Brown has held a special place in readers’ hearts as both a thoughtful social scientist and a warm, kitchen-table companion. She is someone you can rely on to tell the truth, make you laugh, and, at times, sit with you in moments of vulnerability.<br/><br/>What has since grown into a global movement began with The Gifts of Imperfection, which has sold over two million copies and been translated into thirty-five languages worldwide.<br/><br/>What lifts this book beyond inspiring words on a page are its ten guideposts to wholehearted living. These include practices such as authenticity, resilience, creativity, letting go of comparison, and meaningful rest. Together, they help us recognise not only what can truly change our lives and relationships, but also the unrealistic and self-defeating expectations that so often hold us back.<br/><br/>Written in Brown’s distinctive blend of rigorous research, personal storytelling, and disarming honesty, and featuring a new foreword alongside practical new tools, The Gifts of Imperfection remains a quietly powerful bestseller — one that continues to help readers live the lives they genuinely want to lead.
650 #0 - PUNTO DE ACCESO ADICIONAL DE MATERIA--TÉRMINO DE MATERIA
Término de materia o nombre geográfico como elemento de entrada Self-acceptance
9 (RLIN) 12625
650 #0 - PUNTO DE ACCESO ADICIONAL DE MATERIA--TÉRMINO DE MATERIA
Término de materia o nombre geográfico como elemento de entrada Self-esteem
9 (RLIN) 8844
942 ## - ELEMENTOS DE ENTRADA AGREGADA (KOHA)
Fuente del sistema de clasificación o colocación Clasificación de Library of Congress
Holdings
Estado de retiro Estado de pérdida Fuente del sistema de clasificación o colocación Estado dañado No para préstamo Biblioteca de origen Biblioteca actual Fecha de adquisición Total de préstamos Signatura topográfica completa Fecha visto por última vez Número de copia Precio válido a partir de Tipo de ítem Koha Nota pública
    Clasificación de Library of Congress     TBS Barcelona TBS Barcelona 28/01/2026   BF575.S46 BRO 28/01/2026 1 28/01/2026 Book SOON AVAILABLE

Powered by Koha